[Event "Tradewise Hastings Masters 15-16"]
[Site "Hastings, England"]
[Date "2016.01.04"]
[Round "8.29"]
[White "Spanton, Tim R"]
[Black "Helbig, Paul D"]
[Result "0-1"]
[WhiteElo "1936"]
[BlackElo "2122"]
[PlyCount "117"]
[EventDate "2016.??.??"]

1. e4 e5 2. Nf3 Nf6 3. Nxe5 d6 4. Nf3 Nxe4 5. Qe2 Qe7 6. d3 Nf6 7. Bg5 Qxe2+ 8.
Bxe2 Be7 9. Nc3 c6 10. O-O-O Ng4 11. Bxe7 Kxe7 12. Rhf1 Re8 13. h3 Nf6 14. d4
Kf8 15. Bd3 b6 16. Rfe1 Rxe1 17. Rxe1 Ba6 18. Kd2 Bxd3 19. Kxd3 Na6 20. a3 Nc7
21. Ne4 Nxe4 22. Rxe4 b5 23. b3 a5 24. c3 a4 25. b4 Nd5 26. g3 Ra7 27. Nd2 h6
28. h4 h5 29. Re2 Nb6 30. c4 d5 31. c5 Nc4 32. Nb1 Re7 33. f3 Rxe2 34. Kxe2 Ke7
35. Kd3 Ke6 36. Ke2 Kf5 37. Kf2 g5 38. hxg5 Kxg5 39. Kg2 Ne3+ 40. Kf2 Nc2 41.
Ke2 Nxd4+ 42. Kf2 f5 43. Nc3 f4 44. Kg2 fxg3 45. Kxg3 h4+ 46. Kh3 Kf4 47. Kxh4
Kxf3 48. Kg5 Ke3 49. Kf6 Kd3 50. Nxd5 cxd5 51. Ke5 Nc6+ 52. Kxd5 Na7 53. c6 Kc3
54. Kc5 Kb3 55. c7 Kxa3 56. Kb6 Nc8+ 57. Kb7 Ne7 58. Kb6 Nc8+ 59. Kxb5 0-1

[Event "Tradewise Hastings Masters 15-16"]
[Site "Hastings, England"]
[Date "2016.01.04"]
[Round "8.31"]
[White "Larsen, Andreas"]
[Black "Sikkel, Dirk"]
[Result "0-1"]
[WhiteElo "1998"]
[BlackElo "1991"]
[PlyCount "92"]
[EventDate "2016.??.??"]

1. b4 d5 2. Bb2 Nf6 3. Nf3 Bf5 4. e3 e6 5. a3 Be7 6. Nd4 Bg6 7. h4 h5 8. Ne2
Nbd7 9. d4 Ng4 10. Nf4 Bxh4 11. g3 Nxe3 12. fxe3 Bxg3+ 13. Kd2 Bxf4 14. exf4
Nf6 15. Bd3 Qd6 16. Rf1 Ne4+ 17. Bxe4 Bxe4 18. Nc3 Bf5 19. Qe2 c6 20. Qe5 Qxe5
21. dxe5 O-O-O 22. Ne2 Bg4 23. Bd4 b6 24. Bf2 f6 25. Bh4 Rdf8 26. exf6 gxf6 27.
Rae1 Kd7 28. Nd4 Kd6 29. Re3 Rf7 30. Rfe1 Re8 31. Rc3 c5 32. bxc5+ bxc5 33. Ne2
e5 34. Rb3 e4 35. a4 d4 36. Ng3 e3+ 37. Kd3 Kd5 38. c4+ Kc6 39. Rb5 e2 40. Ne4
Rxe4 41. Kxe4 Re7+ 42. Kd3 Re3+ 43. Kd2 Ra3 44. a5 Ra2+ 45. Kc1 d3 46. Rb2 Rxb2
0-1

[Event "Tradewise Hastings Masters 15-16"]
[Site "Hastings, England"]
[Date "2016.01.04"]
[Round "8.32"]
[White "Borland, Scott"]
[Black "Lochte, Thomas"]
[Result "0-1"]
[WhiteElo "1651"]
[BlackElo "2082"]
[PlyCount "62"]
[EventDate "2016.??.??"]

1. d4 Nf6 2. Bg5 c5 3. Bxf6 exf6 4. d5 Qb6 5. Qc1 Be7 6. e4 d6 7. Bd3 O-O 8.
Nd2 Nd7 9. Ngf3 Ne5 10. Nxe5 fxe5 11. Nc4 Qc7 12. Ne3 Bg5 13. O-O c4 14. Be2 c3
15. b3 f5 16. Bf3 fxe4 17. Bxe4 Rf4 18. Bd3 Qf7 19. Qe1 Bd7 20. Qxc3 e4 21. Be2
Bf6 22. Qe1 Bxa1 23. Qxa1 Rf8 24. Qe1 Qg6 25. c4 Qh6 26. g3 Rxf2 27. Qxf2 Rxf2
28. Kxf2 Qxh2+ 29. Ng2 h5 30. Rg1 e3+ 31. Ke1 Bc8 0-1

[Event "Tradewise Hastings Masters 15-16"]
[Site "Hastings, England"]
[Date "2016.01.04"]
[Round "8.33"]
[White "Willson, Ollie"]
[Black "Young, Mel J"]
[Result "1/2-1/2"]
[WhiteElo "2033"]
[BlackElo "1901"]
[PlyCount "57"]
[EventDate "2016.??.??"]

1. d4 c5 2. d5 Nf6 3. Nc3 g6 4. e4 Bg7 5. e5 Ng8 6. f4 d6 7. Nf3 Nh6 8. Bb5+
Bd7 9. Bxd7+ Qxd7 10. O-O O-O 11. Qe2 Na6 12. h3 Nc7 13. g4 b5 14. Rd1 Rad8 15.
f5 Nxf5 16. gxf5 Qxf5 17. Kg2 dxe5 18. Ne4 Nxd5 19. Nxc5 Nf4+ 20. Bxf4 exf4 21.
Rxd8 Rxd8 22. Nd3 e5 23. Re1 Re8 24. Ndxe5 Bxe5 25. Qxb5 Rc8 26. Rxe5 Rxc2+ 27.
Kg1 Rc1+ 28. Kf2 Rc2+ 29. Kg1 1/2-1/2

[Event "Tradewise Hastings Masters 15-16"]
[Site "Hastings, England"]
[Date "2016.01.04"]
[Round "8.34"]
[White "Stonehouse, Tom H"]
[Black "Pickersgill, Adrian O"]
[Result "0-1"]
[WhiteElo "1778"]
[BlackElo "1986"]
[PlyCount "84"]
[EventDate "2016.??.??"]

1. e4 d6 2. d4 Nf6 3. Nc3 c6 4. Nf3 Bg4 5. Be2 e6 6. Be3 d5 7. exd5 cxd5 8. Ne5
Bxe2 9. Qxe2 Nc6 10. O-O Rc8 11. Rad1 Be7 12. f4 g6 13. g4 Qb6 14. f5 Qxb2 15.
fxe6 fxe6 16. g5 Nh5 17. Na4 Qb4 18. Nxc6 Rxc6 19. Nc5 b6 20. Nd3 Qc4 21. Rd2
Ng7 22. Ne5 Qxe2 23. Rxe2 Rc8 24. Ng4 Nf5 25. Nf6+ Kf7 26. Ng4 Rhf8 27. Nh6+
Ke8 28. Nxf5 Rxf5 29. Rxf5 gxf5 30. Bf4 Kf7 31. h4 Rg8 32. Rg2 h6 33. Kf2 hxg5
34. Bxg5 Bxg5 35. hxg5 Kg6 36. Kf3 Rh8 37. Kf4 Rh4+ 38. Ke5 Rg4 39. Rh2 Re4+
40. Kd6 Kxg5 41. Rh7 f4 42. Rf7 Kg4 0-1

[Event "Tradewise Hastings Masters 15-16"]
[Site "Hastings, England"]
[Date "2016.01.04"]
[Round "8.35"]
[White "Golding, Alex"]
[Black "Ruane, Brendan J"]
[Result "1-0"]
[WhiteElo "1955"]
[BlackElo "1794"]
[PlyCount "63"]
[EventDate "2016.??.??"]

1. e4 b6 2. Nc3 e6 3. d4 Bb4 4. a3 Bxc3+ 5. bxc3 Bb7 6. Bd3 Nf6 7. Qe2 d5 8. e5
Ne4 9. Qg4 Kf8 10. Ne2 h5 11. Qf4 g5 12. Qe3 g4 13. O-O c5 14. f3 c4 15. Bxe4
dxe4 16. fxe4 Rh7 17. Rf6 Nd7 18. Rh6 Kg8 19. Rxh7 Kxh7 20. Qh6+ Kg8 21. Qxh5
Bxe4 22. Qxg4+ Bg6 23. Nf4 Nf8 24. Nxg6 Nxg6 25. Bg5 Qf8 26. h4 Kh7 27. h5 Nh8
28. Qe4+ Kg8 29. Rf1 Rc8 30. Rf3 Qe8 31. Bh6 f5 32. exf6 1-0

[Event "Tradewise Hastings Masters 15-16"]
[Site "Hastings, England"]
[Date "2016.01.04"]
[Round "8.36"]
[White "Gibbs, Daniel C"]
[Black "Evans, Helen I"]
[Result "1/2-1/2"]
[WhiteElo "1796"]
[BlackElo "1577"]
[PlyCount "73"]
[EventDate "2016.??.??"]

1. d4 d6 2. c4 e5 3. d5 f5 4. e4 Nf6 5. Nc3 Be7 6. Bd3 fxe4 7. Nxe4 O-O 8. Qc2
Nxe4 9. Bxe4 g6 10. Bh6 Rf6 11. h4 Bf5 12. h5 Qd7 13. Bg5 Bxe4 14. Qxe4 Rf5 15.
Bxe7 Qxe7 16. hxg6 hxg6 17. g4 Rf4 18. Qxg6+ Qg7 19. Qe8+ Rf8 20. Qe6+ Qf7 21.
Qxf7+ Rxf7 22. Ne2 Nd7 23. Ng3 Rf4 24. Nf5 Nf6 25. f3 Rxc4 26. Rh6 Nxd5 27. Kd2
Rf8 28. Rah1 Kf7 29. Rh7+ Ke8 30. Rh8 Rxh8 31. Rxh8+ Kd7 32. g5 e4 33. fxe4
Rxe4 34. g6 Rg4 35. Rh7+ Ke6 36. g7 Nf6 37. Nh6 1/2-1/2

[Event "Tradewise Hastings Masters 15-16"]
[Site "Hastings, England"]
[Date "2016.01.04"]
[Round "8.37"]
[White "Kearsley, Raymond J"]
[Black "Wilson, Matthew R"]
[Result "1-0"]
[WhiteElo "1723"]
[BlackElo "1877"]
[PlyCount "69"]
[EventDate "2016.??.??"]

1. e4 c5 2. Nf3 e6 3. c3 Nf6 4. e5 Nd5 5. d4 Nc6 6. c4 Nb6 7. d5 Ne7 8. Nc3
exd5 9. cxd5 a6 10. Bg5 d6 11. exd6 Qxd6 12. Ne4 Qb8 13. d6 Ned5 14. Bc4 Nxc4
15. Qxd5 Nxd6 16. O-O-O Be6 17. Nxd6+ Bxd6 18. Qxd6 Qxd6 19. Rxd6 Bxa2 20. Rb6
h6 21. Re1+ Be6 22. Bf4 O-O-O 23. Bd6 c4 24. Nd4 Rhe8 25. Re4 Bd5 26. Rg4 g6
27. f3 Re1+ 28. Kd2 Rde8 29. Bf4 Rb1 30. Kc3 g5 31. Bg3 Rd1 32. Kc2 Rd3 33. Bf2
Be6 34. Nxe6 fxe6 35. Rxc4+ 1-0

[Event "Tradewise Hastings Masters 15-16"]
[Site "Hastings, England"]
[Date "2016.01.04"]
[Round "8.38"]
[White "Brooke, John"]
[Black "Macrae, James S"]
[Result "0-1"]
[WhiteElo "1770"]
[BlackElo "1693"]
[PlyCount "92"]
[EventDate "2016.??.??"]

1. d4 b6 2. e4 Bb7 3. f3 e6 4. Bf4 Nf6 5. Bd3 c5 6. c3 cxd4 7. cxd4 Nc6 8. Ne2
Rc8 9. Be3 Nb4 10. O-O Nxd3 11. Qxd3 Be7 12. Nbc3 O-O 13. Rac1 d6 14. Rfd1 Qd7
15. a3 Rfd8 16. h3 Ne8 17. Kh2 d5 18. e5 Rc4 19. Qd2 Ba6 20. Qe1 Rdc8 21. g4
Qd8 22. f4 b5 23. g5 b4 24. axb4 Bxb4 25. Ng3 Qc7 26. f5 exf5 27. Nxf5 Qd7 28.
Qf2 Rd8 29. Nxd5 Qxd5 30. Bd2 Bf8 31. Ne3 Qxd4 32. Rxc4 Bxc4 33. Bc3 Qb6 34.
Rxd8 Qxd8 35. Nxc4 Qxg5 36. h4 Qe7 37. Qg2 Qc7 38. Ne3 g6 39. Nd5 Qc4 40. Qf3
Qxh4+ 41. Kg2 Ng7 42. Nf6+ Kh8 43. Qa8 Ne6 44. Qxa7 Qg5+ 45. Kf1 Qc1+ 46. Kf2
Bc5+ 0-1